| 000 | 00437cam a2200181ua 4500 | ||
|---|---|---|---|
| 020 | _c22.50 | ||
| 041 |
_aeng _h |
||
| 082 |
_a823.308 _bLAW/SH |
||
| 100 | _aLawrence, D H . | ||
| 245 |
_aShort novels vol-l / _cD H Lawrence. _hTextual Documents |
||
| 250 |
_a1 / _b. |
||
| 260 |
_aMelbourne : _bWilliam Heinemann Ltd , _c1963. |
||
| 300 | _a86 ; . | ||
| 365 | _a22.50 | ||
| 504 | _a | ||
| 942 | _cBK | ||
| 999 |
_c11972 _d11972 |
||